000 00594nam a2200205Ia 4500
001 14790
003 GE_BSU
008 181216s||||||||xx |||||||||||||| ||und||
040 _cGE_BSU
080 _a519.15
100 _aАйгнер,Мартин
245 _aКомбинаторная теория
245 _cПод.ред.Гаврилова Г.П. Пер. с англ. В.В.Ермакова и В.Н. Лямина
260 _aМосква
260 _bМир
260 _c1982
300 _a558стр.22см.
653 _aКомбинаторная теория
942 _cBK
999 _c47913
_d47913